Thơ chữ Hán Nguyễn Du

Đã lưu trong:
書目詳細資料
主要作者: Nguyễn Du
格式: 圖書
語言:Undetermined
出版: Hà Nội Văn học 1978
主題:
標簽: 添加標簽
沒有標簽, 成為第一個標記此記錄!
Thư viện lưu trữ: Trung tâm Học liệu Trường Đại học Cần Thơ
LEADER 00519nam a2200181Ia 4500
001 CTU_8378
008 210402s9999 xx 000 0 und d
082 |a 895.92211 
082 |b D500t 
100 |a Nguyễn Du 
245 0 |a Thơ chữ Hán Nguyễn Du 
245 0 |c Nguyễn Du 
260 |a Hà Nội 
260 |b Văn học 
260 |c 1978 
650 |a vietnamese poetry - 18th century 
904 |i Nguyễn Quang Điền, 960912 
980 |a Trung tâm Học liệu Trường Đại học Cần Thơ